Win the South American Presidential Election - 30 Seconds - Statistics

General Stats
  • This quiz has been taken 227 times
  • The average score is 468 of 500
Answers on the Map
Answers color-coded by a green-red scale on the quiz's map according to % correct below.
 
Answer Stats
Hint Answer % Correct
246 Brazil
98%
53 Argentina
96%
22 Chile
96%
38 Peru
93%
13 Bolivia
90%
33 Venezuela
89%
59 Colombia
88%
4 Uruguay
86%
8 Paraguay
84%
20 Ecuador
79%
1 Suriname
79%
1 Guyana
75%
1 French Guiana
34%
1 Falkland Islands
21%
No matching quizzes found
Score Distribution
Percent of People with Each Score
Percentile by Number Answered
Your Score History
You have not taken this quiz